| Tag |
First Indicator |
Second Indicator |
Subfields |
| LEADER |
00000cam a22000008a 4500 |
| 001 |
in00000026715 |
| 005 |
20151007054525.0 |
| 008 |
871123c19881987nyuaf 00110ceng |
| 010 |
|
|
|a 87034065
|
| 020 |
|
|
|a 0446514594
|
| 035 |
|
|
|a (OCoLC)17200024
|
| 035 |
|
|
|9 AAB5373AM
|
| 040 |
|
|
|a DLC
|c DLC
|d TXA
|d UtOrBLW
|
| 043 |
|
|
|a e-ie---
|
| 049 |
|
|
|a TXAM
|c [A11498190]
|
| 050 |
0 |
0 |
|a ML421.U2
|b D8 1988
|
| 082 |
0 |
|
|a 784.5/4/00922
|a B
|2 19
|
| 100 |
1 |
|
|a Dunphy, Eamon.
|
| 245 |
1 |
0 |
|a Unforgettable fire :
|b past, present, and future-the definitive biography of U2 /
|c Eamon Dunphy.
|
| 263 |
|
|
|a 8803
|
| 264 |
|
1 |
|a New York, NY :
|b Warner Books,
|c 1988
|
| 264 |
|
4 |
|c ©1987
|
| 300 |
|
|
|a vii, 319 pages, 24 unnumbered pages of plates :
|b illustrations
|
| 336 |
|
|
|a text
|b txt
|2 rdacontent
|
| 337 |
|
|
|a unmediated
|b n
|2 rdamedia
|
| 338 |
|
|
|a volume
|b nc
|2 rdacarrier
|
| 500 |
|
|
|a Includes index.
|
| 610 |
2 |
0 |
|a U2 (Musical group)
|
| 650 |
|
0 |
|a Rock groups
|z Ireland
|x Biography.
|
| 999 |
|
|
|a MARS
|
| 999 |
f |
f |
|s ed6a89b4-0fe1-343a-95eb-1989dceab963
|i 10434b25-8c46-3648-9504-b4ee20dd4f53
|t 0
|
| 952 |
f |
f |
|p ric
|a Texas A&M University
|b Rellis Campus
|c Joint Library Facility
|d Remote Storage
|t 0
|e ML421.U2 D8 1988
|h Library of Congress classification
|i unmediated -- volume
|m A14811498190
|
| 998 |
f |
f |
|a ML421.U2 D8 1988
|t 0
|l Remote Storage
|